Подробности
| 000 -МАРКЕР |
| контрольное поле |
01351nam0a22003011 4500 |
| 001 - ИДЕНТИФИКАТОР ЗАПИСИ |
| контрольное поле |
rc\2930581 |
| 005 - ИДЕНТИФИКАТОР ВЕРСИИ |
| контрольное поле |
20260406090030.0 |
| 035 ## - ДРУГИЕ СИСТЕМНЫЕ НОМЕРА |
| Идентификатор записи |
(NLR Aleph) 007080102 |
| 100 ## - ДАННЫЕ ОБЩЕЙ ОБРАБОТКИ |
| Данные общей обработки |
20110818d1933 |||y0rusy50 ca |
| 101 1# - ЯЗЫК РЕСУРСА |
| Язык текста, звукозаписи и т.д. |
русский |
| 102 ## - СТРАНА ПУБЛИКАЦИИ ИЛИ ПРОИЗВОДСТВА |
| Страна публикации |
российская федерация |
| 105 ## - ПОЛЕ КОДИРОВАННЫХ ДАННЫХ: ТЕКСТОВЫЕ МАТЕРИАЛЫ, МОНОГРАФИЧЕСКИЕ |
| Кодированные данные о монографическом текстовом документе |
a z ||||| |
| 200 1# - ЗАГЛАВИЕ И СВЕДЕНИЯ ОБ ОТВЕТСТВЕННОСТИ |
| Основное заглавие |
Как рождалась современная математика |
| Первые сведения об ответственности |
Г. Вилейтнер |
| Последующие сведения об ответственности |
Пер. с нем. А.А. Мочульского |
| -- |
Под ред. проф. А. Я. Хинчина |
| -- |
[Предисл.: А. Юшкевич] |
| 205 ## - СВЕДЕНИЯ ОБ ИЗДАНИИ |
| Сведения об издании |
2-е изд. |
| 210 ## - ПУБЛИКАЦИЯ, РАСПРОСТРАНЕНИЕ И ДР. |
| Место издания, распространения и т.д. |
Москва |
| -- |
Ленинград |
| Имя издателя, распространителя и т. д. |
Гос. техн.-теорет. изд-во |
| Дата издания, распространения и т.д. |
1933 |
| Место изготовления |
Москва |
| Имя изготовителя |
15 тип. треста "Полиграфкнига" |
| 215 ## - ФИЗИЧЕСКАЯ ХАРАКТЕРИСТИКА |
| Специфическое обозначение материала и объем |
Обл., 100 с. |
| Другие сведения о физической характеристике |
черт. |
| Размеры |
20×13 см |
| 300 ## - ОБЩИЕ ПРИМЕЧАНИЯ |
| Текст примечания |
На обороте тит. л.: "H. Wieleitner. Die geburt der modernen mathematik" |
| 700 #1 - ИМЯ ЛИЦА - ПЕРВИЧНАЯ ОТВЕТСТВЕННОСТЬ |
| Начальный элемент ввода |
Вилейтнер |
| Часть имени, кроме начального элемента ввода |
Г. |
| Даты |
1874-1932 |
| Расширение инициалов личного имени |
Генрих |
| 702 #1 - ИМЯ ЛИЦА - ВТОРИЧНАЯ ОТВЕТСТВЕННОСТЬ |
| Начальный элемент ввода |
Мочульский |
| Часть имени, кроме начального элемента ввода |
А.А. |
| Код отношения |
Переводчик |
| 702 #1 - ИМЯ ЛИЦА - ВТОРИЧНАЯ ОТВЕТСТВЕННОСТЬ |
| Начальный элемент ввода |
Хинчин |
| Часть имени, кроме начального элемента ввода |
А.Я. |
| Код отношения |
Редактор |
| 702 #1 - ИМЯ ЛИЦА - ВТОРИЧНАЯ ОТВЕТСТВЕННОСТЬ |
| Код отношения |
Автор введения, предисловия, примечания и т.п. |
| Графика поля |
Кириллица |
| Материалы, к которым относится поле |
rus |
| Начальный элемент ввода |
Юшкевич |
| Часть имени, кроме начального элемента ввода |
А. П. |
| Дополнения к именам, кроме дат |
д-р физ.-мат. наук |
| Даты |
1906-1993 |
| Расширение инициалов личного имени |
Адольф Павлович |
| Идентификатор авторитетной/нормативной записи |
RU\NLR\AUTH\770280587 |
| Системный номер авторитетной/нормативной записи |
2652554 |
| 801 #0 - ИСТОЧНИК ЗАПИСИ |
| Страна |
российская федерация |
| Организация |
NLR |
| Правила каталогизации |
psbo |
| 801 #1 - ИСТОЧНИК ЗАПИСИ |
| Страна |
российская федерация |
| Организация |
ELAR |
| Источник данных |
rusmarc |
| 852 ## - МЕСТОНАХОЖДЕНИЕ И ШИФР ХРАНЕНИЯ |
| Идентификатор организации |
NLR |
| Шифр хранения (Call Number) |
33-2/816 |
| 942 ## - ДОПОЛНИТЕЛЬНЫЕ ЭЛЕМЕНТЫ ЗАПИСИ (АБИС) |
| Тип экземпляра АБИС |
Книга |
| 980 ## - КОЛЛЕКЦИЯ |
| Название коллекции |
Национальная библиография |